Protesis/ (Record no. 4078)

MARC details
000 -LEADER
campo de control de longitud fija 01524nam a22004577a 4500
003 - IDENTIFICADOR DE NÚMERO DE CONTROL
campo de control OSt
005 - FECHA Y HORA DE LA ÚLTIMA TRANSACCIÓN
campo de control 20230719150301.0
008 - DATOS DE LONGITUD FIJA--INFORMACIÓN GENERAL
campo de control de longitud fija 221006b |||||||| |||| 00| 0 eng d
040 ## - FUENTE DE CATALOGACIÓN
Centro/agencia transcriptor Biblioteca Lado V
082 ## - NÚMERO DE LA CLASIFICACIÓN DECIMAL DEWEY
Número de clasificación 701.18
Número de ítem I24p
100 ## - ENTRADA PRINCIPAL--NOMBRE DE PERSONA
9 (RLIN) 905
Nombre de persona Iguiñez, Natalia
Término indicativo de función/relación editor
245 ## - MENCIÓN DEL TÍTULO
Título Protesis/
260 ## - PUBLICACIÓN, DISTRIBUCIÓN, ETC.
Nombre del editor, distribuidor, etc. Universidad Católica de Perú
-- Facultad de Arte
Lugar de publicación, distribución, etc. Perú
Fecha de publicación, distribución, etc. 2005
300 ## - DESCRIPCIÓN FÍSICA
Dimensiones 21x27cm
Extensión 81p.
490 ## - MENCIÓN DE SERIE
Mención de serie 3
Designación de volumen o secuencia 3
505 ## - NOTA DE CONTENIDO CON FORMATO
Nota de contenido con formato Editorial
505 ## - NOTA DE CONTENIDO CON FORMATO
Nota de contenido con formato forma vs. concepto
505 ## - NOTA DE CONTENIDO CON FORMATO
Nota de contenido con formato Señales, huellas, vestigios
505 ## - NOTA DE CONTENIDO CON FORMATO
Nota de contenido con formato el invisible laberinto del neobarroco
505 ## - NOTA DE CONTENIDO CON FORMATO
Nota de contenido con formato la memoria portatil
505 ## - NOTA DE CONTENIDO CON FORMATO
Nota de contenido con formato ruta cartografica
505 ## - NOTA DE CONTENIDO CON FORMATO
Nota de contenido con formato fosforescente, edipico y tropical
505 ## - NOTA DE CONTENIDO CON FORMATO
Nota de contenido con formato this is just an interview
505 ## - NOTA DE CONTENIDO CON FORMATO
Nota de contenido con formato (des)articulando el sentido
505 ## - NOTA DE CONTENIDO CON FORMATO
Nota de contenido con formato cubo blanco flexi-texts
505 ## - NOTA DE CONTENIDO CON FORMATO
Nota de contenido con formato el tiempo del encuentro
505 ## - NOTA DE CONTENIDO CON FORMATO
Nota de contenido con formato memoria escrita y por escribir
505 ## - NOTA DE CONTENIDO CON FORMATO
Nota de contenido con formato a fan is a weapon
505 ## - NOTA DE CONTENIDO CON FORMATO
Nota de contenido con formato desconciertos del propio ser
505 ## - NOTA DE CONTENIDO CON FORMATO
Nota de contenido con formato perspectivas desde el diseño industrial
505 ## - NOTA DE CONTENIDO CON FORMATO
Nota de contenido con formato sine qua non
505 ## - NOTA DE CONTENIDO CON FORMATO
Nota de contenido con formato santos híbridos de la avenida abancay
505 ## - NOTA DE CONTENIDO CON FORMATO
Nota de contenido con formato texto pirata
505 ## - NOTA DE CONTENIDO CON FORMATO
Nota de contenido con formato ortesis
650 ## - PUNTO DE ACCESO ADICIONAL DE MATERIA--TÉRMINO DE MATERIA
Fuente del encabezamiento o término Tesauro de Arte & Arquitectura
Término de materia o nombre geográfico como elemento de entrada ARTE
650 ## - PUNTO DE ACCESO ADICIONAL DE MATERIA--TÉRMINO DE MATERIA
Fuente del encabezamiento o término Tesauro de Arte & Arquitectura
Término de materia o nombre geográfico como elemento de entrada CRITICA
9 (RLIN) 702
650 ## - PUNTO DE ACCESO ADICIONAL DE MATERIA--TÉRMINO DE MATERIA
Fuente del encabezamiento o término Tesauro de Arte & Arquitectura
Término de materia o nombre geográfico como elemento de entrada CULTURA
9 (RLIN) 702
651 ## - PUNTO DE ACCESO ADICIONAL DE MATERIA--NOMBRE GEOGRÁFICO
Fuente del encabezamiento o término Tesauro de Arte & Arquitectura
Nombre geográfico PERÚ
710 ## - ENTRADA AGREGADA--NOMBRE DE ENTIDAD CORPORATIVA
Nombre de entidad corporativa o nombre de jurisdicción como elemento de entrada Fundación LA LLAMA
Término indicativo de función/relación editor
942 ## - ELEMENTOS DE ENTRADA SECUNDARIOS (KOHA)
Fuente del sistema de clasificación o colocación Clasificación Decimal Dewey
Tipo de ítem Koha Libros
Parte de la signatura que corresponde a la clasificación (Parte de la clasificación) 701.18
Parte de la signatura que identifica el ejemplar (Parte del ítem) I24p
Suprimir en OPAC No
Holdings
Estatus retirado Estado de pérdida Fuente del sistema de clasificación o colocación Especificación de materiales (volumen encuadernado u otra parte) Estado de daño No para préstamo Colección Biblioteca de origen Biblioteca actual Fecha de adquisición Enumeración/cronología de publicación seriada Número de inventario Total de préstamos Signatura topográfica completa Código de barras Visto por última vez Precio de reemplazo Tipo de ítem Koha
    Clasificación Decimal Dewey 3     Revistas Biblioteca LadoV Biblioteca LadoV 19/07/2023 3 003235   701.18 I24p 003235 19/07/2023 19/07/2023 Libros